La Trama del neoliberalismo: mercado, crisis y exclusión social /

Guardat en:
Dades bibliogràfiques
Autor principal: Sader, Emir
Autor corporatiu: CLACSO
Altres autors: comp Gentili, Pablo comp
Format: Text
Publicat: Buenos Aires: Eudeba
Etiquetes: Afegir etiqueta
Sense etiquetes, Sigues el primer a etiquetar aquest registre!

MARC

LEADER 00000 a a2200000 04500
001 26545
003
040
020 |a 950-23-0995-2  
090 |a 148905  
100 |a Sader, Emir  
110 |a CLACSO  
245 |a La Trama del neoliberalismo: mercado, crisis y exclusión social /  |c Emir Sader 
260 |a Buenos Aires:   |b Eudeba  
300 |a 189 p.  
700 |a comp   |a Gentili, Pablo   |a comp  
999 |c 1186  |d 1186